[Event "FRA-chT2W 0203"]
[Site "France"]
[Date "2003.03.16"]
[Round "9"]
[White "Samara, Fred"]
[Black "Perrin, Marc"]
[Result "1/2-1/2"]
[WhiteElo "2215"]
[BlackElo "2058"]
[PlyCount "102"]
[EventDate "2002.10.??"]
[EventType "team"]
[EventRounds "11"]
[EventCountry "FRA"]
[SourceTitle "EXT 2004"]
[Source "ChessBase"]
[SourceDate "2003.11.25"]
[SourceVersion "1"]
[SourceVersionDate "2003.11.25"]
[SourceQuality "1"]
[WhiteTeam "Clermont Ferrand"]
[BlackTeam "Evry II"]
[WhiteTeamCountry "FRA"]
[BlackTeamCountry "FRA"]

1. e4 d5 2. exd5 Nf6 3. d4 Bg4 4. Be2 Bxe2 5. Qxe2 Qxd5 6. Nf3 e6 7. 0-0 Nc6 8. Nc3 Qf5 9. Nd1 Bd6 10. c3 0-0-0 11. Re1 Qh5 12. Ne3 e5 13. dxe5 Nxe5 14. Nxe5 Qxe5 15. Nf1 Qf5 16. Be3 Rhe8 17. Qc4 Re4 18. Qb3 Ng4 19. h3 Nxe3 20. Rxe3 Rxe3 21. Nxe3 Qf4 22. Rd1 Re8 23. Rd4 Qf6 24. Qd1 Qe5 25. Qf3 f5 26. g3 g6 27. Kg2 Qe6 28. Nd5 c6 29. Nf4 Bxf4 30. Qxf4 Qxa2 31. c4 Qa5 32. Qd6 Qc7 33. Qa3 c5 34. Rd5 b6 35. Qd3 Rd8 36. Qe3 Qc6 37. Qe5 Rxd5 38. cxd5 Qd7 39. Kf3 h6 40. h4 Kb7 41. Ke3 a5 42. Kd2 Ka6 43. Qe6 Qg7 44. d6 Qxb2+ 45. Ke1 Qc3+ 46. Kf1 Qd3+ 47. Kg2 c4 48. Qc8+ Kb5 49. Qe8+ Kb4 50. d7 Qd5+ 51. Kh2 Qd2 1/2-1/2

[Event "FRA-chT2W 0203"]
[Site "France"]
[Date "2003.01.19"]
[Round "6"]
[White "Pean, Leonard"]
[Black "Samara, Fred"]
[Result "1/2-1/2"]
[WhiteElo "2150"]
[BlackElo "2215"]
[PlyCount "59"]
[EventDate "2002.10.??"]
[EventType "team"]
[EventRounds "11"]
[EventCountry "FRA"]
[SourceTitle "EXT 2004"]
[Source "ChessBase"]
[SourceDate "2003.11.25"]
[SourceVersion "1"]
[SourceVersionDate "2003.11.25"]
[SourceQuality "1"]
[WhiteTeam "Le Mans"]
[BlackTeam "Clermont Ferrand"]
[WhiteTeamCountry "FRA"]
[BlackTeamCountry "FRA"]

1. d4 Nf6 2. c4 g6 3. Nc3 Bg7 4. e4 0-0 5. f3 d6 6. Be3 e5 7. d5 Nh5 8. Qd2 f5 9. 0-0-0 Nd7 10. exf5 gxf5 11. g4 fxg4 12. fxg4 Nf4 13. Nge2 Nf6 14. h3 Ng6 15. Ng3 Nh4 16. Bd3 Nf3 17. Qg2 Nd4 18. Nce2 c5 19. dxc6 bxc6 20. Nxd4 exd4 21. Bxd4 d5 22. Nh5 Ne8 23. Bxg7 Nxg7 24. Nxg7 Kxg7 25. Bc2 Be6 26. Rhe1 Qf6 27. g5 Qf4+ 28. Qd2 Qf7 29. Qd3 Qf4+ 30. Qd2 1/2-1/2

[Event "FRA-chT2O 9899"]
[Site "France"]
[Date "1998.12.06"]
[Round "4"]
[White "Samara, Fred"]
[Black "David, Vincent"]
[Result "0-1"]
[WhiteElo "2170"]
[BlackElo "2176"]
[PlyCount "60"]
[EventDate "1998.??.??"]
[EventType "team"]
[EventRounds "9"]
[EventCountry "FRA"]
[SourceTitle "EXT 2002"]
[Source "ChessBase"]
[SourceDate "2001.11.25"]
[SourceVersion "1"]
[SourceVersionDate "2001.11.25"]
[SourceQuality "1"]

1. e4 c5 2. Nf3 Nc6 3. d4 cxd4 4. Nxd4 Nf6 5. Nc3 d6 6. Bc4 e6 7. Be3 Be7 8. Qe2 0-0 9. 0-0-0 a6 10. Bb3 Qe8 11. f3 Nd7 12. g4 Nc5 13. f4 b5 14. a3 Rb8 15. f5 b4 16. axb4 Nxb3+ 17. Nxb3 Rxb4 18. g5 exf5 19. Rdf1 f4 20. Bxf4 Be6 21. Nd2 Nd4 22. Qg2 Qb8 23. Be3 Rc8 24. Bxd4 Rxd4 25. Nd5 Bf8 26. Qf2 Ra4 27. Qb6 Qa8 28. Nc7 Ra1+ 29. Nb1 Qxe4 30. Rhg1 Qc4 0-1

[Event "FRA-chT"]
[Site "France"]
[Date "1998.05.11"]
[Round "11"]
[White "Samara, Fred"]
[Black "Delebarre, Xavier"]
[Result "1/2-1/2"]
[WhiteElo "2195"]
[BlackElo "2270"]
[PlyCount "122"]
[EventDate "1998.02.06"]
[EventType "team"]
[EventRounds "11"]
[EventCountry "FRA"]
[SourceTitle "CBM 064 Extra"]
[Source "ChessBase"]
[SourceDate "1998.07.07"]
[SourceVersion "1"]
[SourceVersionDate "1998.07.07"]
[SourceQuality "1"]

1. e4 c5 2. Nf3 g6 3. d4 Bg7 4. c3 cxd4 5. cxd4 d5 6. exd5 Nf6 7. Bb5+ Nbd7 8. d6 exd6 9. Qe2+ Qe7 10. Qxe7+ Kxe7 11. 0-0 Rd8 12. Bf4 Nb6 13. Nc3 h6 14. h3 Be6 15. Rfe1 Rac8 16. a3 Kf8 17. Rac1 g5 18. Bh2 a6 19. Bd3 Nc4 20. Na4 b5 21. Bxc4 Rxc4 22. Nb6 Rxc1 23. Rxc1 g4 24. hxg4 Bxg4 25. Rc6 Ne8 26. Nd5 Bxf3 27. gxf3 Bxd4 28. b3 Ra8 29. Nc7 Nxc7 30. Bxd6+ Kg8 31. Rxc7 Re8 32. Rc6 Re6 33. Rc8+ Kh7 34. Bc5 Re1+ 35. Kg2 Rc1 36. b4 a5 37. Rc7 Kg6 38. Rc6+ f6 39. Ra6 Bxc5 40. bxc5 a4 41. c6 Kf7 42. Rb6 Rc5 43. f4 Ke7 44. f5 Rxf5 45. c7 Kd7 46. Rc6 Kc8 47. Kg3 h5 48. f4 Rd5 49. Kh4 Rd3 50. Rc5 Rxa3 51. Rxb5 Rf3 52. Rb4 a3 53. Ra4 Kxc7 54. Kxh5 Kc6 55. Kg6 Kb5 56. Ra8 Kb4 57. f5 Kb3 58. Kxf6 a2 59. Ke6 Re3+ 60. Kd6 Rf3 61. Ke6 Kb2 1/2-1/2

[Event "FRA-chT"]
[Site "France"]
[Date "1998.05.09"]
[Round "9"]
[White "Samara, Fred"]
[Black "Guidarelli, Laurent"]
[Result "0-1"]
[WhiteElo "2195"]
[BlackElo "2225"]
[PlyCount "72"]
[EventDate "1998.02.06"]
[EventType "team"]
[EventRounds "11"]
[EventCountry "FRA"]
[SourceTitle "CBM 064 Extra"]
[Source "ChessBase"]
[SourceDate "1998.07.07"]
[SourceVersion "1"]
[SourceVersionDate "1998.07.07"]
[SourceQuality "1"]

1. e4 c5 2. Nf3 Nc6 3. d4 cxd4 4. Nxd4 e5 5. Nb5 d6 6. Bc4 Be6 7. Bxe6 fxe6 8. c4 Be7 9. 0-0 Nf6 10. N1c3 a6 11. Na3 0-0 12. Bg5 Rc8 13. Rc1 Qb6 14. Qd2 Nd4 15. Bxf6 Bxf6 16. b3 Qa5 17. Nab1 h6 18. Rcd1 Bg5 19. Qd3 b5 20. cxb5 axb5 21. Ne2 Qxa2 22. Nxd4 exd4 23. Qxd4 Rc2 24. Rd3 Rcxf2 25. Rxf2 Qxb1+ 26. Rd1 Be3 27. Rxb1 Bxd4 28. Rbb2 Rxf2 29. Rxf2 e5 30. Kf1 Bxf2 31. Kxf2 Kf7 32. Ke3 Ke6 33. g4 d5 34. h4 g6 35. exd5+ Kxd5 36. h5 g5 0-1